Licence a licenční smlouva v Japonsku

Enregistré dans:
Détails bibliographiques
Auteur principal: Hnízdo, Miroslav
Format: Livre
Langue:tchèque
Publié: Praha Ústředí vědeckých, technických a ekonomických informací 1983
Tags: Ajouter un tag
Pas de tags, Soyez le premier à ajouter un tag!

MARC

LEADER 00000nam a2200000 4500
001 c134321
005 20190625072442.1
041 0 |a cze 
044 |a CZ 
245 1 0 |a Licence a licenční smlouva v Japonsku  |c Miroslav Hnízdo 
264 1 |a Praha  |b Ústředí vědeckých, technických a ekonomických informací  |c 1983 
300 |a 60 s. 
100 1 |a Hnízdo, Miroslav